[Event "World Women-ch"]
[Site "Manila"]
[Date "1991.??.??"]
[Round "14"]
[White "Chiburdanidze, Maia"]
[Black "Xie, Jun"]
[Result "1/2-1/2"]
[WhiteElo "2495"]
[BlackElo "2465"]
[Annotator "Ftacnik,L"]
[PlyCount "121"]
[EventDate "1991.09.??"]
[EventType "match"]
[EventRounds "16"]
[EventCountry "PHI"]
[SourceTitle "CBM 026"]
[Source "ChessBase"]
[SourceDate "1992.02.01"]
[SourceVersion "1"]
[SourceVersionDate "1992.02.01"]
[SourceQuality "1"]

1. d4 Nf6 2. c4 g6 3. g3 c6 4. Bg2 d5 5. Nf3 Bg7 6. O-O O-O 7. Bf4 Ne4 8. Nc3
Bf5 9. Qb3 (9. cxd5 cxd5 10. Ne5) 9... Qb6 $1 10. cxd5 Qxb3 (10... Nxc3 11.
bxc3 Qxb3 12. axb3 cxd5) 11. axb3 Nxc3 12. bxc3 cxd5 13. Ne5 (13. Nd2 Rd8 $22
14. Bc7 Rc8 15. Bxb8 Raxb8 $132) 13... Rd8 14. Ra5 Be6 (14... Bxe5 15. Bxe5 Nc6
16. Rxd5 $16) (14... e6 15. h3 $14) 15. Rb5 $1 (15. c4 Bxe5 16. dxe5 Nc6 $132)
15... g5 16. Bxg5 (16. Be3 $5 Nc6 (16... f6 17. Nd3 b6 18. Nb4 $16) (16... b6
17. c4 $36) 17. Nxc6 bxc6 18. Rc5 $16) 16... f6 17. Nf3 Bd7 (17... fxg5 18.
Nxg5 Bd7 19. Bxd5+ e6 20. Nxe6 $16) 18. Rxb7 fxg5 19. Nxg5 Bc8 (19... e6 20.
Bh3 Re8 21. Rxd7 Nxd7 22. Bxe6+ Rxe6 23. Nxe6 $16) 20. Rb5 (20. Rxe7 Bf6) 20...
e6 21. c4 Bd7 22. Rb7 (22. Rxd5 $5 exd5 23. Bxd5+ Kf8 24. Bxa8 Bxd4 $14) 22...
h6 (22... Bc8 23. Rc7 Na6 24. Rxc8 $5 Raxc8 25. Nxe6) 23. Nf3 Bc8 24. Rb5 Nc6 (
24... Bd7 25. Rb7 $10) 25. cxd5 exd5 (25... Nxd4 $2 26. Nxd4 Bxd4 27. d6 a6 28.
Rb4 Bc5 29. Rg4+ $18) 26. Ra1 a6 27. e3 (27. Rc5 Bb7 (27... Nxd4 $2 28. Nxd4
Bxd4 29. Rxd5 Bb7 30. Rxd4 Rxd4 31. Bxb7 $18)) 27... axb5 $1 28. Rxa8 Bb7 29.
Ra1 Bf8 30. Bf1 b4 31. Nd2 Kf7 32. Bd3 Kf6 33. Bb5 Rc8 34. Kf1 Nd8 35. Ke2 Bd6
36. Bd3 Rc3 37. Bb5 Ke7 38. Kd1 Bc8 39. Ra7+ Rc7 40. Rxc7+ Bxc7 $10 41. Be2 Nf7
42. h4 Nd6 43. Bd3 Bg4+ 44. Ke1 Kf6 45. Kf1 Bh3+ 46. Kg1 Be6 47. Kg2 Kg7 48.
Kf3 Bd8 49. Kg2 Ne4 $1 50. Nxe4 dxe4 51. Bc2 (51. Bxe4 $2 Bxb3 $19) 51... Kf6
52. Bd1 Ke7 53. Kf1 Kd6 54. Ke1 Bh3 55. Be2 Ke7 56. Kd2 Bc7 57. Ke1 Kf6 58. Bd1
Kf5 59. Be2 Bg2 60. Bh5 Bf3 61. Be8 {Ftcanik,L} 1/2-1/2

[Event "URS-sf Ukraine-ch"]
[Site "Kherson"]
[Date "1989.??.??"]
[Round "?"]
[White "Romanishin, Oleg M"]
[Black "Huzman, Alexander"]
[Result "1-0"]
[WhiteElo "2515"]
[BlackElo "2475"]
[Annotator "Ftacnik,L"]
[PlyCount "79"]
[EventDate "1989.11.??"]
[EventType "tourn"]
[EventRounds "15"]
[EventCountry "URS"]
[EventCategory "7"]
[SourceTitle "CBM 016"]
[Source "ChessBase"]
[SourceDate "1990.06.01"]
[SourceVersion "1"]
[SourceVersionDate "1990.06.01"]
[SourceQuality "1"]

1. d4 Nf6 2. Nf3 g6 3. c4 Bg7 4. g3 O-O 5. Bg2 c6 6. Nc3 d5 7. Qb3 dxc4 8. Qxc4
Na6 9. O-O Be6 10. Qa4 Nd5 11. Rd1 $1 {N} (11. h3 c5 (11... Nb6 12. Qc2 c5 13.
dxc5 Nxc5 14. Rd1 Qc8 $10) 12. dxc5 Nxc5 13. Qh4 Nxc3 14. bxc3 f6 15. Be3 Rc8
16. Qb4 $14 {Romanishin,O-Huzman,A/Moskva GMA-op/1989/ - /24/ -> TD 1989/11})
11... Nb6 (11... Qc8 12. Ng5 Nb6 13. Qc2 Bf5 14. e4 Bg4 15. f3 Bd7 16. f4 Bg4
17. Nf3 f5 18. Qb3+ Kh8 19. e5 $16 {Romanishin,O-Lalic,B/Vrsac/1989/ - /45/ ->
CBM 15}) 12. Qc2 Nb4 13. Qb1 a5 14. e4 Bg4 15. a3 Na6 16. h3 Bxf3 (16... Be6 $5
) 17. Bxf3 Qd7 18. Kg2 Rfd8 19. Qa2 $1 $16 Bxd4 20. Rxd4 Qxd4 21. Be3 Qe5 22.
Bxb6 Rd2 23. Be3 Rad8 24. Bxd2 Rxd2 25. Qc4 Nc5 26. Rd1 Rxb2 27. Na4 Nxa4 28.
Qxa4 Qc5 29. Qd4 Qxd4 30. Rxd4 b5 31. e5 c5 32. Rd8+ Kg7 33. Rc8 Rc2 34. Ra8 b4
35. Rxa5 b3 36. Rb5 c4 37. Be4 Rc1 38. Rb4 f5 39. exf6+ exf6 40. Bd5 {Ftacnik}
1-0

[Event "Dortmunder Schachtage-A 18th"]
[Site "Dortmund"]
[Date "1990.04.11"]
[Round "6"]
[White "Azmaiparashvili, Zurab"]
[Black "Wahls, Matthias"]
[Result "1-0"]
[WhiteElo "2610"]
[BlackElo "2565"]
[Annotator "Ftacnik,L"]
[PlyCount "73"]
[EventDate "1990.04.05"]
[EventType "tourn"]
[EventRounds "11"]
[EventCountry "GER"]
[EventCategory "13"]
[SourceTitle "CBM 018"]
[Source "ChessBase"]
[SourceDate "1990.10.01"]
[SourceVersion "1"]
[SourceVersionDate "1990.10.01"]
[SourceQuality "1"]

1. g3 g6 2. Bg2 Bg7 3. Nf3 Nf6 4. c4 O-O 5. O-O c6 6. b3 Ne4 7. d4 d5 8. Bb2
Nd7 (8... Bf5 9. Nbd2 Nd7) 9. Qc2 Ndf6 10. Ne5 Bf5 11. Qc1 (11. Nd3 c5 $1)
11... Nd7 12. f3 Nd6 13. Nd2 $14 Be6 14. e4 a5 (14... dxe4 15. Nxd7 Qxd7 16.
fxe4 $16) (14... dxc4 15. Nexc4 $16) 15. Nd3 Re8 16. Nc5 $1 Nxc5 $8 17. dxc5
Bxb2 18. Qxb2 Nc8 19. cxd5 cxd5 20. f4 Qc7 21. Rac1 dxe4 22. Nxe4 Na7 23. Ng5
Bf5 24. g4 $3 Bxg4 25. Bd5 Rf8 (25... e6 26. Ne4 exd5 27. Nf6+ Kf8 28. Nxd5 $18
) 26. f5 $1 gxf5 (26... Bxf5 27. Rxf5 $1 gxf5 28. Qg2 Kh8 (28... Qf4 29. Nxf7+)
29. Qh3 $18) 27. Rc4 $1 h5 (27... Bh5 28. Rxf5) (27... e6 28. Nxe6 $1) 28. Rxg4
$1 hxg4 29. Rxf5 e6 30. Ne4 $1 (30. Nxe6 fxe6 31. Rg5+ Kh7 32. Qc2+ Rf5 33.
Bxe6 Qxc5+ 34. Qxc5 Rxc5 35. Rxc5 $16) 30... Rfd8 (30... f6 31. Bxe6+ Kh7 (
31... Kg7 32. Rxf6) 32. Nxf6+ Kg6 33. Qd2 $18) 31. Rh5 (31. Rg5+ Kf8 32. Qh8+
Ke7 33. Qf6+ Kd7 34. Bxe6+ $1 fxe6 35. Rg7+ Kc8 36. Nd6+ Kb8 37. Qxd8+ $1 Qxd8
38. Rxb7#) 31... e5 32. Rxe5 Nc6 33. Rg5+ Kf8 34. Qh8+ Ke7 35. Qf6+ Kd7 36.
Qf5+ Ke7 37. Qxf7# {Ftacnik,L} 1-0

[Event "POL-ch"]
[Site "Warsaw"]
[Date "2018.05.19"]
[Round "8"]
[White "Sadzikowski, Daniel"]
[Black "Mista, Aleksander"]
[Result "1-0"]
[WhiteElo "2588"]
[BlackElo "2590"]
[Annotator "Ftacnik,L"]
[PlyCount "117"]
[EventDate "2018.05.12"]
[EventType "tourn"]
[EventRounds "9"]
[EventCountry "POL"]
[EventCategory "16"]
[SourceTitle "CBM 185"]
[Source "ChessBase"]
[SourceDate "2018.07.13"]
[SourceVersion "1"]
[SourceVersionDate "2018.07.13"]
[SourceQuality "1"]

1. d4 Nf6 2. c4 e6 3. g3 d5 4. Bg2 g6 5. Nf3 Bg7 6. O-O O-O 7. Nc3 Nbd7 8. Qb3
c6 9. Bf4 Re8 {In this type of position White has more possibilities for
active play and thus bigger chances to fight for an advantage. On the other
hand Black benefits from a safe position that has wide defensive potential.} (
9... b6 10. cxd5 exd5 11. Rfe1 Bb7 12. a4 c5 13. Bd6 c4 14. Qa3 Re8 15. Nd2 Rc8
16. a5 h5 17. e3 Bc6 18. b3 b5 19. bxc4 bxc4 {1-0 (78) Gordievsky,D (2622)
-Korobov,A (2652) Wijk aan Zee 2018} 20. a6 $14) (9... Qb6 10. Rfd1 (10. c5
Qxb3 11. axb3 Re8 12. Ne5 Nh5 13. b4 Nxf4 14. gxf4 f6 15. Nxd7 Bxd7 16. e4 dxe4
17. Nxe4 Re7 18. Nd6 Be8 {1-0 (27) Uriarte Prieto,G (1917)-Guzhov,A Salou 2018}
19. b5 $14) 10... Re8 11. e3 Bf8 12. Qc2 Nh5 13. Bg5 f5 14. Bf4 Nhf6 15. Ne5
Ne4 16. Nxe4 fxe4 17. c5 Qd8 18. Nxd7 Qxd7 19. Be5 Bg7 20. Bxg7 Qxg7 $11 {
1/2-1/2 (20) Rodman,F (2062)-Rojs,I (1998) Komenda 2017}) (9... Nb6 10. c5 Nc4
11. Qc2 Nh5 12. Bc1 b6 13. b3 bxc5 14. bxc4 cxd4 15. Na4 d3 16. Qb1 Bxa1 17.
Qxa1 dxc4 18. exd3 cxd3 19. Qc3 Qd6 20. Bb2 f6 21. Ba3 $18 {1-0 (31) Rishovd,S
(2109)-Kreken,E (1486) Fornebu 2017}) 10. Rfe1 (10. Ne5 Nxe5 11. Bxe5 Nd7 12.
Bxg7 Kxg7 13. f4 f5 14. Nd1 Nf6 15. Nf2 b6 16. Qc3 Ba6 17. b3 Rc8 18. Rfd1 b5
19. c5 Rb8 20. b4 $16 {1/2-1/2 (53) Koehler,G (1889)-Wieber,D (1794) Neustadt
an der Weinstrasse 2018}) (10. Rfd1 Nh5 (10... b6 11. cxd5 exd5 12. Ne5 Bb7 13.
e4 Nf8 14. exd5 cxd5 15. Bg5 Ne6 16. Bxf6 Bxf6 17. Bxd5 Bxd5 18. Qxd5 Rc8 19.
f4 $14 {1-0 (50) Dautov,R (2525)-Vogt,L (2485) Dresden 1988}) (10... h6 11.
Rac1 Nh5 12. Bd2 Nb6 13. c5 Nd7 14. e4 e5 15. Nxe5 Bxe5 16. dxe5 Nxc5 17. Qc2
d4 18. Bxh6 Rxe5 19. b4 Qf6 20. f4 Re8 21. bxc5 dxc3 22. e5 $16 {1-0 (36)
Draganic,V (2270)-Kraljevic,I (2065) Cetinje 2008}) 11. Bg5 Nhf6 12. e4 h6 13.
Bxf6 Nxf6 14. e5 Nd7 15. Rac1 Nf8 16. h4 b6 17. Bf1 Qe7 18. Ne2 Bb7 19. Nf4 $14
{1-0 (56) Papaioannou,I (2637)-Mista,A (2599) Achaea 2017}) (10. Rad1 Qb6 11.
c5 Qxb3 12. axb3 Ne4 13. Ne5 Nexc5 14. b4 Nxe5 15. bxc5 Nd7 16. e4 b6 17. exd5
exd5 18. Nxd5 cxd5 19. Bxd5 Ba6 20. Bxa8 Bxf1 21. Kxf1 Rxa8 $15 {0-1 (61)
Eriksson,M (2039)-Lindblom,P (2062) Sweden 2009}) 10... dxc4 {Both sides have
tested various ideas in tournament praxis; there is no prescribed way of
handling the line.} (10... Nb6 11. c5 Nbd7 12. Qc2 Nh5 13. Bd6 f5 14. Ne5 Nhf6
15. f3 Nxe5 16. Bxe5 b6 17. b4 bxc5 18. bxc5 Qa5 19. Qd2 $14 {1/2-1/2 (24)
Stangl,M (2375)-Lau,R (2470) Altensteig 1989}) (10... Nh5 11. Bg5 Qb6 (11... f6
12. Bd2 f5 13. cxd5 exd5 14. e4 fxe4 15. Nxe4 Nb6 16. Nc5 Bg4 17. Rxe8+ Qxe8
18. Re1 Qf8 19. Nxb7 Bxf3 20. Bxf3 $16 {1-0 (39) Williams,J (2278)-Colas,J 
(2247) Saint Louis 2014}) 12. e4 dxc4 13. Qxc4 Qxb2 14. a4 Qb6 15. a5 Qc7 16.
e5 f6 17. g4 fxg5 18. gxh5 g4 19. Ng5 Nf8 20. hxg6 Nxg6 21. Be4 $14 {1-0 (28)
Rausis,I (2524)-Mrdja,M (2385) Porto San Giorgio 2007}) (10... h6 11. a4 b6 12.
a5 Ba6 13. cxd5 exd5 14. Ne5 Nxe5 15. Bxe5 Ng4 16. Nxd5 Bxe5 17. dxe5 Nxe5 18.
axb6 Bc4 19. Qxc4 Nxc4 $19 {0-1 (28) Gaehler,M (2317)-Gumpo,T (2015) Kazan 2013
}) 11. Qxc4 Nd5 12. Bg5 Qc7 (12... Bf6 13. Bxf6 Qxf6 14. e4 N5b6 15. Qb4 e5 16.
dxe5 (16. d5 $16) 16... Nxe5 17. Nxe5 Qxe5 18. Rad1 Qe7 19. Qxe7 Rxe7 $11 {
1/2-1/2 (23) Horvath,J (2535)-Kovacevic,B (2458) Medulin 2002}) 13. e4 Nxc3 14.
bxc3 {Many players would recapture on c3 with a pawn nearly without thinking.
In this special case taking with a queen would keep the c-file semi-open with
some advantage for White.} (14. Qxc3 $5 b6 15. Rac1 Bb7 16. Qe3 $14) 14... e5
15. Rad1 Nb6 (15... b5 16. Qd3 (16. Qb3 Nb6 17. Nxe5 Be6 18. d5 Qxe5 19. dxe6
Qxe6 20. e5 h6 21. Bc1 Nc4 $11) 16... f6 17. Be3 Nb6 18. Nd2 Be6 19. d5 cxd5
20. exd5 Rad8 21. Bxb6 Qxb6 22. c4 bxc4 23. Nxc4 $11 {0-1 (43) Ponfilenok,V 
(2395)-Kamsky,G (2670) Kazan 2016}) 16. Qc5 (16. Qb3 Bg4 17. Be3 Rad8 $11)
16... f6 17. Bc1 $6 (17. Be3 Bf8 18. Qa5 Qf7 19. Nd2 $11) 17... Qf7 18. Qa5 Be6
(18... Bg4 19. Qa3 Be6 $15) 19. d5 $6 (19. dxe5 Nc4 20. Qa4 Nxe5 21. Nxe5 fxe5
22. Bf1 Bf8 $11) 19... Bd7 20. Nd2 Bf8 $6 {The rules of modern tournament
chess dictate for both players an attempt to establish a playable position and
then to solve the problems better then the adversary. Sadzikowski was not
playing well, but Mista failed to seize the moment and obtain some advantage.}
(20... cxd5 $5 21. exd5 f5 22. c4 Na4 23. Nf3 b6 24. Qb4 Rac8 $15) 21. Ba3 Rec8
(21... Bh6 22. Bf1 cxd5 23. exd5 f5 (23... Bg4 24. Ne4 Bxd1 25. Nd6 Qxd5 26.
Bc4 Qxc4 27. Nxc4 Bf3 28. Nd6 $14) 24. Nc4 Nxc4 25. Bxc4 b6 26. Qa6 $14) 22.
Bxf8 Qxf8 23. f4 $6 (23. c4 $1 cxd5 24. exd5 Nxc4 25. Nxc4 Rxc4 26. d6 Bc6 27.
d7 Rd8 28. Bd5+ Bxd5 29. Rxd5 b6 30. Qxa7 Qb4 $11) 23... Qd6 $6 {Both players
are hoping to get something out of the position, but Black blinks last. The
advance of the white f-pawn was shaky, but Mista would have had to rise to the
occasion to prove it with a counter-attack.} (23... exf4 $1 24. gxf4 Qh6 25. e5
Bg4 26. dxc6 bxc6 27. Rb1 Qxf4 28. Ne4 Nc4 29. Qb4 Nxe5 30. Rf1 Nf3+ 31. Bxf3
Bxf3 32. Rxf3 Qxf3 33. Qe7 Rf8 34. Rb7 Qd1+ $11) 24. fxe5 fxe5 (24... Qxe5 25.
Qb4 Re8 26. Nf3 Qh5 27. c4 $14) 25. Rc1 Kg7 (25... cxd5 26. exd5 Bf5 27. c4 Nd7
28. Re3 b6 29. Qa3 $14) 26. c4 c5 27. Qa3 {Despite the bishop of the "wrong"
color on g2 White has better chances as Black will need to worry about his
weak e5-pawn.} (27. Rb1 Kg8 28. Rf1 $16) 27... Rf8 28. Rf1 Na4 29. Qe3 (29. Rb1
Qc7 30. Bf3 $16) 29... a6 30. h4 h6 31. Kh2 Rxf1 (31... b5 32. Rxf8 Rxf8 33.
Bh3 $14) 32. Rxf1 Rf8 33. Rxf8 Qxf8 34. Bh3 $1 Bxh3 35. Kxh3 {[%mdl 4096] The
defence of the worse position is more difficult in the endgame as the scope
for sensible counterplay diminishes with each piece.} b5 36. Nf3 $6 (36. Kg2
Qe7 37. Qb3 Qe8 38. Qd3 $14) 36... Qf6 $2 {We have seen second rate solutions
coming in pairs all too often in this game, Black should have lashed out with
real counterplay with the c-pawn.} (36... bxc4 $1 37. Nxe5 Qf1+ 38. Kh2 c3 39.
Ng4 g5 40. d6 Qd1 41. Nxh6 $11) 37. cxb5 axb5 38. Kg2 b4 (38... Qd6 39. h5 g5
40. Nxg5 hxg5 41. Qxg5+ Kh7 42. Qf5+ Kh8 43. Qe6 $16) 39. Qd3 Nb6 (39... Qd6
40. h5 g5 41. Ne1 Nb6 42. Qa6 g4 43. Qe2 $16) 40. Qb5 Qd6 41. Ne1 Nd7 42. Qc6
Qe7 {The life for the defender has become miserable as he can not
realistically contemplate an exchange of queens.} (42... Qxc6 43. dxc6 Nb6 44.
Nd3 c4 45. Nxb4 $16) 43. Nd3 h5 (43... Kf7 $2 44. Qxd7 Qxd7 45. Nxe5+ $18) (
43... Kh7 44. Qe6 Qg7 45. Qd6 $16) 44. Kf3 Qf7+ 45. Ke3 Kh6 46. Ke2 Qe7 47. Qe6
Qg7 (47... Qxe6 $2 48. dxe6 Nf6 49. Nxc5 $18) 48. Qd6 Kh7 49. Nxc5 Nxc5 50.
Qxc5 {The pure queen endings are a double edged sword as they offer chances
for survival only by means of real counterplay. The strongest chess piece is
very efficient in supporting a passed pawn.} Qb7 51. Kd3 (51. Kd2 $5 b3 52.
axb3 Qxb3 53. d6 $18) 51... Qa6+ $6 {Choosing between two evils is a very
difficult discipline in chess, but it directly influences chances to survive.}
(51... b3 $1 52. axb3 Qxb3+ 53. Qc3 Qb1+ (53... Qb5+ 54. Kd2 Qb8 55. Kc2) 54.
Qc2 Qb6 55. Ke2 Kg8 56. Qc3 $16) 52. Qc4 Qb6 (52... Qa3+ 53. Kc2 Kg7 54. d6 b3+
55. axb3 Qxd6 56. b4 $18) 53. Kc2 Qf2+ 54. Kb3 Qxg3+ 55. Kxb4 Qxh4 (55... Qe3
56. Kb5 Qa3 57. Qc7+ Kg8 58. Qxe5 Qa7 59. d6 $18) 56. d6 {The white d-pawn is
too quick and the king on b4 has excellent chances to hide away from checks.}
Kh6 57. Kb5 Qg4 (57... Qh3 58. Qc1+ g5 59. Qc6 Qd3+ 60. Kb6 h4 61. d7+ Kh5 62.
Qd5 Qb1+ 63. Ka5 $18) 58. Qc6 Qe2+ 59. Kb6 (59. Kb6 Qxa2 60. d7 Qg8 61. Kc7 $18
) 1-0

[Event "Candidates m4"]
[Site "Sarajevo"]
[Date "1991.??.??"]
[Round "2"]
[White "Nikolic, Predrag"]
[Black "Gelfand, Boris"]
[Result "1-0"]
[WhiteElo "2620"]
[BlackElo "2700"]
[Annotator "Ftacnik,L"]
[PlyCount "95"]
[EventDate "1991.01.??"]
[EventType "match"]
[EventRounds "8"]
[EventCountry "BIH"]
[SourceTitle "Candidates"]
[Source "ChessBase"]
[SourceDate "1999.07.01"]
[SourceVersion "2"]
[SourceVersionDate "1999.07.01"]
[SourceQuality "1"]

1. d4 Nf6 2. c4 g6 3. Nf3 Bg7 4. g3 O-O 5. Bg2 c6 6. O-O d5 7. b3 a5 8. Nc3 Ne4
9. Bb2 Bf5 10. Rc1 Nd7 11. Nh4 Nxc3 12. Bxc3 Be6 13. e4 $1 dxe4 (13... dxc4 14.
d5 $1 cxd5 (14... Bxc3 15. dxe6 $18) 15. exd5 Bf5 16. Bxg7 Kxg7 17. Rxc4 $16)
14. Bxe4 Nf6 15. Bg2 a4 16. Qd2 axb3 17. axb3 Qb6 18. Qb2 Ra6 $6 (18... Rfd8 $5
) 19. d5 $1 cxd5 20. cxd5 Bd7 $6 (20... Bc8 $14) 21. d6 $1 Rfa8 (21... Qxd6 22.
Rfd1 Qe6 23. Re1 Qb6 24. Rxe7 Qd6 $1 $10) 22. dxe7 Ra2 23. Bd4 Qe6 (23... Rxb2
24. Bxb6 Rxb3 25. Rb1 Rxb1 26. Rxb1 Bc6 27. Rd1 $1 $16) (23... Qd6 24. Bc5 (24.
Qc3 Ne4 25. Bxe4 Bxd4 26. Rcd1 Bxf2+ $1 27. Kh1 Qxe7 $17) 24... Rxb2 25. Bxd6
Rxb3 26. Rb1 $16) 24. Qc3 Qxe7 25. Bxb7 Rb8 26. Qc7 $1 Re8 27. Bg2 (27. Bc6 Rc8
$1 28. Bxf6 Rxc7 29. Bxe7 Rxc6 $14) 27... Be6 28. Qxe7 Rxe7 29. b4 Nd5 $2 (
29... h6 $16) 30. Bxd5 Bxd5 31. Rc8+ Bf8 32. Bc5 Kg7 33. Rd1 $2 (33. Ng2 $1)
33... Rd2 34. Rc1 Rde2 35. Bxe7 Bxe7 36. Ng2 Rb2 (36... Bxb4 37. Nf4 Rd2 38.
Nxd5 Rxd5 $18) 37. Nf4 Bf3 38. R8c3 Ba8 39. Nd3 Rd2 40. b5 Bf6 41. Ra3 Be4 42.
Nc5 Bf5 43. Rf3 Bd8 44. g4 $1 Bxg4 45. Rd3 Rxd3 46. Nxd3 Be2 47. Rc3 Kf6 48. b6
$1 {Ftacnik,L} (48. b6 $1 Bxb6 49. Nf4 Bg4 50. Nd5+ $18) 1-0

[Event "PCA-Wch Candidates m2"]
[Site "New York"]
[Date "1994.??.??"]
[Round "1"]
[White "Romanishin, Oleg M"]
[Black "Anand, Viswanathan"]
[Result "1/2-1/2"]
[WhiteElo "2585"]
[BlackElo "2715"]
[Annotator "Ftacnik,L"]
[PlyCount "57"]
[EventDate "1994.06.??"]
[EventType "match"]
[EventRounds "7"]
[EventCountry "USA"]
[SourceTitle "CBM 042"]
[Source "ChessBase"]
[SourceDate "1994.10.01"]
[SourceVersion "1"]
[SourceVersionDate "1994.10.01"]
[SourceQuality "1"]

1. d4 Nf6 2. Nf3 g6 3. g3 Bg7 4. c4 d5 5. Bg2 dxc4 6. O-O $6 (6. Na3) 6... c6
7. Nc3 O-O 8. h3 (8. e4 Bg4 9. Be3) 8... Na6 $6 (8... b5) 9. e4 b5 10. Qe2 Bb7
11. Rd1 Nc7 12. Bf4 Ne6 13. Be5 Qb6 14. d5 $1 Nc5 15. Bd4 Nfd7 $1 16. b4 $1
cxb3 (16... Bxd4 17. Nxd4 Nd3 18. dxc6 Bxc6 19. Nxc6 Qxc6 20. e5 $36) 17. axb3
a5 (17... b4 $2 18. Na4) (17... Bxd4 18. Nxd4 b4 19. dxc6 bxc3 20. cxb7 Nxb7
21. Ra6 $36) 18. Rac1 Rac8 19. Be3 $5 (19. Rc2 Bxd4 20. Nxd4 b4) 19... Bxc3 (
19... Qa6 20. dxc6 Bxc6 21. Nd5 Bxd5 22. Rxd5 Nxb3 23. Rxc8 Qxc8 24. Qxb5) (
19... b4 20. Na4 Qa6 21. Qxa6 Nxa6 22. dxc6 Bxc6 23. Rxc6 Rxc6 24. Rxd7 $16)
20. Rxc3 cxd5 21. exd5 b4 22. Rcc1 $1 Ba6 (22... Qa6 23. Qxa6 Bxa6 24. Nd4 $44)
23. Qa2 a4 (23... Qd8 $6 24. Nd4 {/\ Nc6}) 24. bxa4 b3 25. Qd2 Qd6 26. Bf4 (26.
Nd4 Ne5 (26... b2 27. Qxb2 Nd3 28. Qa1 $1 Nxc1 29. Bxc1 $44) 27. Nc6 Ncd3 28.
Rb1 Nxc6 29. dxc6 b2 $36) 26... Qf6 27. Bg5 Qd6 28. Bf4 Qf6 29. Bg5 1/2-1/2

[Event "RUS-chT 11th"]
[Site "Sochi"]
[Date "2004.04.26"]
[Round "7.2"]
[White "Maletin, Pavel"]
[Black "Zagrebelny, Sergey"]
[Result "0-1"]
[WhiteElo "2423"]
[BlackElo "2526"]
[Annotator "Ftacnik,L"]
[PlyCount "82"]
[EventDate "2004.04.20"]
[EventType "team-tourn"]
[EventRounds "9"]
[EventCountry "RUS"]
[SourceTitle "EXT 2020"]
[Source "ChessBase"]
[SourceDate "2019.10.17"]
[SourceVersion "1"]
[SourceVersionDate "2019.10.17"]
[SourceQuality "1"]
[WhiteTeam "Tomsk Siberian Athens-Neftekhim"]
[BlackTeam "Vladivostok Debiut-DVGU"]
[WhiteTeamCountry "RUS"]
[BlackTeamCountry "RUS"]

1. Nf3 Nf6 2. g3 g6 3. Bg2 Bg7 4. d4 d5 5. c4 c6 6. Qb3 Qb6 7. Nc3 Bf5 8. O-O
O-O 9. Ne5 dxc4 10. Nxc4 Qa6 11. e4 Be6 12. d5 Bd7 {The black knight on b8 is
not a nice piece, so white's chances must be somewhat better at his stage.} (
12... cxd5 13. exd5 Bf5 14. Re1 Nbd7 15. Rxe7 Rac8 16. Bf1 Nc5 17. Qd1 b5 18.
Ne3 Qd6 19. Nxf5 gxf5 20. Rxa7 b4 21. Nb5 Qxd5 22. Qxd5 Nxd5 23. Nd6 Ra8 24.
Rxa8 Rxa8 25. Bg2 Rd8 26. Nxf5 {1-0 Goldin,A-Novik,M/St Petersburg 1993/ (58)})
13. Be3 Rc8 14. e5 (14. Ne5 cxd5 15. Rfd1 Be8 16. Bf1 Qe6 17. Qxb7 Nc6 $11)
14... Ng4 (14... Nxd5 $2 15. Nxd5 cxd5 16. Bxd5 Bb5 17. Na3 $1 Bxf1 18. Bxb7
Qd3 19. Bxc8 Qxb3 20. axb3 $16) 15. Bg5 (15. e6 fxe6 16. dxc6 Nxc6 17. Rfd1
Nxe3 18. Nxe3 Na5 19. Qb4 Bc6 $11) 15... b5 16. Ne3 Nxe5 (16... Bxe5 17. Bxe7
Re8 18. Bc5 $16) 17. Bxe7 c5 18. a4 c4 $6 {Zagrebelny might have reached the
game position with 18...bxa4!?, his solution seems to have a big hole in it.} (
18... b4 19. Ne4 c4 20. Qxb4 Nd3 21. Qd6 Bxb2 22. Nf6+ Bxf6 23. Qxf6 Qxf6 24.
Bxf6 Na6 25. Rfd1 $16) (18... bxa4 $5 19. Nxa4 c4 20. Qc2 Qb5) 19. Qc2 (19.
axb5 $1 cxb3 (19... Qxa1 20. Nxc4 Qxf1+ 21. Bxf1 Nf3+ 22. Kh1 $16) 20. bxa6 Nd3
21. Ra3 Nxb2 22. d6 $16) 19... bxa4 20. Nxa4 Qb5 (20... Nd3 21. Nc3 Qb7 22.
Nxc4 Rxc4 23. Qxd3 $16) 21. Nc3 Qb6 22. d6 (22. Ne4 Re8 23. d6 Bc6 24. Nxc4
Nxc4 25. Qxc4 Bb5 26. Qc5 $16) 22... Nbc6 23. Ned5 Qd4 (23... Qb7 24. Nf6+ Kh8
25. Rfd1 $14) 24. Rad1 (24. Bf6 Bf5 25. Qd1 Bd3 26. Bxg7 Kxg7 27. Ne7 Nxe7 28.
Bxa8 Rxa8 29. dxe7 Re8 30. Re1 $14) 24... Nd3 25. Nb5 $6 {Maletin must have
been better with centralized pieces and mighty d6 pawn, he is gradually losing
the beat of the position.} (25. b3 $5 Rab8 (25... Nce5 26. Ne2 (26. bxc4 Rxc4
27. Bf6 Bxf6 28. Nxf6+ Kg7 29. Nxd7 Rxc3 30. Qb1 Re8 $11) 26... Qg4 27. bxc4
Rxc4 28. Qd2 Rac8 29. h3 Qe6 30. Qe3 $16) 26. bxc4 Ncb4 27. Qe2 Qxc4 28. Nf6+
Bxf6 29. Bxf6 $16) 25... Qxb2 26. Qxb2 Nxb2 (26... Bxb2 27. Bf6 Rab8 28. Bxb2
Nxb2 29. Nxa7 Nxa7 30. Nf6+ Kg7 31. Nxd7 Nxd1 32. Nxb8 Nc3 33. Ra1 $13) 27. Rc1
(27. Ra1 Nd3 28. Nf6+ Bxf6 29. Bxf6 $11) 27... Rab8 28. Nbc7 Nd4 (28... Nb4 29.
Nf6+ Bxf6 30. Bxf6 N4d3 31. Rc2 $11) 29. Kh1 (29. Ra1 Na4 30. Nf6+ Bxf6 31.
Bxf6 Nb3 $15) 29... Nb3 30. Bf6 $2 {[%mdl 64] In a very complicated position
white defintely loses direction and allows black to turn c pawn into
powerhorse.} (30. Rc2 $1 Bf5 31. Bg5 Bxc2 32. Ne7+ Kh8 (32... Kf8 33. Nxc8 Rxc8
34. d7 Bf5 35. dxc8=Q+ Bxc8 36. Re1 $14) 33. Nxc8 Bf5 34. Nxa7 Nd4 35. Nc6 Nxc6
36. Bxc6 $11) 30... Nxc1 $1 31. Ne7+ (31. Rxc1 Kh8 $19) 31... Kf8 32. Bxg7+
Kxg7 33. Nxc8 Ncd3 $1 34. Nxa7 (34. Ne7 Rb6 35. Ra1 Rxd6 $19) 34... c3 {
At this phase the roles are reversed, white pieces are strayed and black is
perfectly coordinated.} 35. Bc6 (35. Bf3 c2 36. Kg2 Rb6 37. h3 c1=Q $19) 35...
c2 $1 36. Bxd7 (36. Ra1 Nc4 37. Bb5 Rb7 38. Kg2 Rxa7 $19) 36... Nd1 37. Nc6 Rb1
38. Bf5 c1=Q 39. Bxd3 Qxc6+ 40. Kg1 Rc1 41. Bb5 Qf3 0-1